Statistics for Closeset Countries to Bulgaria

Click here to take the quiz!

General Stats

  • This quiz has been taken 189 times
    (161 since last reset)
  • The average score is 13 of 15

Answer Stats

KmAnswer% Correct
0Romania
98%
0Greece
98%
0Turkey
98%
0Macedonia
98%
0Serbia
95%
150Albania
94%
65Kosovo
92%
159Ukraine
91%
167Moldova
91%
316Croatia
90%
191Montenegro
89%
266Hungary
89%
398Russia
82%
580Slovenia
82%
315Bosnia And Herzegovina
53%

Score Distribution

Percentile by Number Answered

Percent of People with Each Score

Your Score History

You have not taken this quiz since the last reset